[Event "NED-ch (Women)"]
[Site "Leeuwarden"]
[Date "2002.06.29"]
[Round "10"]
[White "Hamelink, Desiree"]
[Black "Bos Swiecik, Iwona"]
[Result "1/2-1/2"]
[WhiteElo "2105"]
[BlackElo "2179"]
[PlyCount "137"]
[EventDate "2002.06.19"]
[EventType "tourn"]
[EventRounds "10"]
[EventCountry "NED"]
[SourceTitle "CBM 088 Extra"]
[Source "ChessBase"]
[SourceDate "2002.07.01"]
[SourceVersion "2"]
[SourceVersionDate "2002.07.01"]
[SourceQuality "1"]

1. e4 c5 2. Nf3 Nc6 3. d4 cxd4 4. Nxd4 Nf6 5. Nc3 e5 6. Ndb5 d6 7. Bg5 a6 8. Na3 b5 9. Nd5 Be7 10. Bxf6 Bxf6 11. c3 Bg5 12. Nc2 Rb8 13. a4 0-0 14. axb5 axb5 15. Nce3 b4 16. Ba6 bxc3 17. bxc3 Be6 18. 0-0 Ne7 19. Nxe7+ Bxe7 20. Bc4 Bxc4 21. Nxc4 Qc7 22. Ne3 Qc5 23. Nd5 Bd8 24. Qd3 h6 25. Ra4 Bg5 26. g3 Qb5 27. Qxb5 Rxb5 28. h4 Bd8 29. Ra6 f5 30. f3 Rc5 31. Rfa1 fxe4 32. fxe4 Rc4 33. Rxd6 Rxe4 34. Ra8 Bf6 35. Nxf6+ gxf6 36. Rxf8+ Kxf8 37. Rxf6+ Kg7 38. Rf3 Re2 39. Kf1 Rc2 40. g4 Kg6 41. Rd3 e4 42. Rd6+ Kg7 43. Rc6 e3 44. h5 Rf2+ 45. Ke1 Rc2 46. c4 Kh7 47. c5 Rc4 48. Rc7+ Kg8 49. Rc6 Kf7 50. Rxh6 Rxc5 51. Rg6 Re5 52. Ke2 Re4 53. Rg5 Kf6 54. Rf5+ Ke6 55. Rg5 Kf6 56. Rg8 Kf7 57. Rg6 Re8 58. Rg5 Re6 59. Rf5+ Kg7 60. Rf3 Re4 61. Rg3 Kh6 62. Rg2 Kg5 63. Kf3 Re8 64. Ra2 Kh4 65. Rh2+ Kg5 66. Rg2 Re7 67. Re2 Rf7+ 68. Kg3 Rf4 69. Rxe3 1/2-1/2

[Event "NED-ch (Women)"]
[Site "Leeuwarden"]
[Date "2002.06.19"]
[Round "1"]
[White "Bos Swiecik, Iwona"]
[Black "Veenstra, Petra"]
[Result "1-0"]
[WhiteElo "2179"]
[BlackElo "2081"]
[PlyCount "91"]
[EventDate "2002.06.19"]
[EventType "tourn"]
[EventRounds "10"]
[EventCountry "NED"]
[SourceTitle "CBM 088 Extra"]
[Source "ChessBase"]
[SourceDate "2002.07.01"]
[SourceVersion "2"]
[SourceVersionDate "2002.07.01"]
[SourceQuality "1"]

1. e4 e5 2. Nf3 Nc6 3. Bb5 Nf6 4. 0-0 Nxe4 5. d4 Nd6 6. Bxc6 dxc6 7. dxe5 Nf5 8. Qe2 Nd4 9. Nxd4 Qxd4 10. c3 Bg4 11. Qe3 Qxe3 12. Bxe3 h5 13. Nd2 c5 14. c4 Be7 15. Ne4 b6 16. b3 0-0 17. Nc3 c6 18. f3 Bf5 19. Rad1 f6 20. f4 Rfd8 21. Bc1 Kf7 22. Rde1 fxe5 23. fxe5 Ke6 24. Ne2 g5 25. h4 Bd3 26. hxg5 Bxe2 27. Rxe2 Rf8 28. Rf3 Rad8 29. Kf2 Rd4 30. Rxf8 Bxf8 31. g3 Be7 32. Bf4 b5 33. Rc2 Kf5 34. Kf3 Rd3+ 35. Ke2 Rd4 36. Kf3 Rd3+ 37. Kg2 Kg4 38. g6 Bf8 39. e6 Rd8 40. Re2 Bg7 41. Be5 Bxe5 42. Rxe5 h4 43. gxh4 Kf4 44. e7 Re8 45. Re2 Kf5 46. h5 1-0

[Event "NED-ch sf (Women)"]
[Site "Leeuwarden"]
[Date "2001.12.09"]
[Round "2.3"]
[White "Bos Swiecik, Iwona"]
[Black "Bensdorp, Marlies"]
[Result "1/2-1/2"]
[WhiteElo "2115"]
[BlackElo "2035"]
[PlyCount "88"]
[EventDate "2001.11.17"]
[EventType "k.o."]
[EventRounds "3"]
[EventCountry "NED"]
[SourceTitle "EXT 2003"]
[Source "ChessBase"]
[SourceDate "2002.11.25"]
[SourceVersion "1"]
[SourceVersionDate "2002.11.25"]
[SourceQuality "1"]

1. e4 e6 2. d4 d5 3. Nd2 Nf6 4. e5 Nfd7 5. c3 c5 6. Ngf3 Nc6 7. Be2 Qb6 8. Qb3 cxd4 9. Qxb6 Nxb6 10. cxd4 Bd7 11. a3 Rc8 12. Nb3 Be7 13. Bd2 Nc4 14. Bc3 0-0 15. Nbd2 Nxd2 16. Bxd2 a6 17. 0-0 Na7 18. Rfc1 Bb5 19. Bxb5 Nxb5 20. a4 Na7 21. b4 Rxc1+ 22. Rxc1 Rc8 23. Rxc8+ Nxc8 24. Kf1 b5 25. axb5 axb5 26. Ne1 Na7 27. Ke2 Nc6 28. Nc2 f6 29. exf6 gxf6 30. f4 Kf7 31. Kd3 h5 32. Kc3 Kg6 33. Kd3 Kf5 34. Ne3+ Kg6 35. Nc2 Bd6 36. Ke3 Kf5 37. Kf3 Kg6 38. g3 Bc7 39. h3 f5 40. g4 hxg4+ 41. hxg4 fxg4+ 42. Kxg4 Bd6 43. Bc3 Kf6 44. Be1 Kg6 1/2-1/2

[Event "NED-ch sf (Women)"]
[Site "Leeuwarden"]
[Date "2001.12.08"]
[Round "2.1"]
[White "Bos Swiecik, Iwona"]
[Black "Bensdorp, Marlies"]
[Result "1-0"]
[WhiteElo "2115"]
[BlackElo "2035"]
[PlyCount "59"]
[EventDate "2001.11.17"]
[EventType "k.o."]
[EventRounds "3"]
[EventCountry "NED"]
[SourceTitle "EXT 2003"]
[Source "ChessBase"]
[SourceDate "2002.11.25"]
[SourceVersion "1"]
[SourceVersionDate "2002.11.25"]
[SourceQuality "1"]

1. e4 e6 2. d4 d5 3. Nc3 Bb4 4. e5 c5 5. a3 Bxc3+ 6. bxc3 Qc7 7. Qg4 f5 8. Qg3 Ne7 9. Qxg7 Rg8 10. Qxh7 cxd4 11. Kd1 Qxc3 12. Rb1 d3 13. Bxd3 Rxg2 14. Qh3 Rxg1+ 15. Rxg1 Qxe5 16. Qh5+ Kd8 17. f4 Qd4 18. Qg5 Nbc6 19. h4 b6 20. h5 e5 21. fxe5 Be6 22. Be3 Qc3 23. Qf6 Kd7 24. Rg7 Re8 25. h6 Qxe5 26. Qxe5 Nxe5 27. Bb5+ N5c6 28. h7 Kd6 29. Bf4+ Kc5 30. Rxe7 1-0

[Event "NED-ch (Women)"]
[Site "Rotterdam"]
[Date "1999.11.17"]
[Round "9"]
[White "Lanchava, Tea"]
[Black "Bos Swiecik, Iwona"]
[Result "1/2-1/2"]
[WhiteElo "2297"]
[BlackElo "2165"]
[PlyCount "45"]
[EventDate "1999.11.08"]
[EventType "tourn"]
[EventRounds "10"]
[EventCountry "NED"]
[EventCategory "1"]
[SourceTitle "CBM 073 Extra"]
[Source "ChessBase"]
[SourceDate "2000.01.11"]
[SourceVersion "1"]
[SourceVersionDate "2000.01.11"]
[SourceQuality "1"]

1. d4 Nf6 2. c4 g6 3. Nc3 d5 4. cxd5 Nxd5 5. Bd2 Bg7 6. e4 Nb6 7. Be3 0-0 8. Be2 Nc6 9. Nf3 Bg4 10. d5 Bxf3 11. gxf3 Ne5 12. Qb3 c6 13. f4 Ned7 14. dxc6 bxc6 15. h4 Rb8 16. Qa3 e5 17. h5 exf4 18. Bxf4 Ne5 19. hxg6 fxg6 20. Bxe5 Bxe5 21. Qxa7 Rf7 22. Qa3 Qd4 23. Rf1 1/2-1/2

[Event "NED-ch (Women)"]
[Site "Rotterdam"]
[Date "1999.11.11"]
[Round "4"]
[White "Peng, Zhaoqin"]
[Black "Bos Swiecik, Iwona"]
[Result "1-0"]
[WhiteElo "2449"]
[BlackElo "2165"]
[PlyCount "57"]
[EventDate "1999.11.08"]
[EventType "tourn"]
[EventRounds "10"]
[EventCountry "NED"]
[EventCategory "1"]
[SourceTitle "CBM 073 Extra"]
[Source "ChessBase"]
[SourceDate "2000.01.11"]
[SourceVersion "1"]
[SourceVersionDate "2000.01.11"]
[SourceQuality "1"]

1. d4 Nf6 2. c4 g6 3. Nc3 d5 4. Qb3 dxc4 5. Qxc4 Bg7 6. e4 0-0 7. Nf3 a6 8. Bf4 b5 9. Qxc7 Qxc7 10. Bxc7 Bb7 11. e5 Nd5 12. Ba5 Nf4 13. Rd1 f6 14. d5 fxe5 15. g3 Nxd5 16. Nxd5 e6 17. Ne7+ Kh8 18. Bg2 Bxf3 19. Bxf3 Rxf3 20. 0-0 Rf8 21. Rd6 e4 22. b3 Bf6 23. Rxe6 Nd7 24. Rd1 Nc5 25. Rxf6 Rxf6 26. Bc3 Kg7 27. Nd5 Nd7 28. Nxf6 Nxf6 29. Rd7+ 1-0

[Event "NED-ch (Women)"]
[Site "Rotterdam"]
[Date "1999.11.08"]
[Round "1"]
[White "Bos Swiecik, Iwona"]
[Black "De Mie, Mariska"]
[Result "1-0"]
[WhiteElo "2165"]
[BlackElo "2171"]
[PlyCount "94"]
[EventDate "1999.11.08"]
[EventType "tourn"]
[EventRounds "10"]
[EventCountry "NED"]
[EventCategory "1"]
[SourceTitle "CBM 073 Extra"]
[Source "ChessBase"]
[SourceDate "2000.01.11"]
[SourceVersion "1"]
[SourceVersionDate "2000.01.11"]
[SourceQuality "1"]

1. e4 c5 2. Nf3 d6 3. d4 cxd4 4. Nxd4 Nf6 5. Nc3 a6 6. Be2 e6 7. 0-0 Qc7 8. f4 Be7 9. Kh1 0-0 10. Bf3 Nc6 11. a4 Nxd4 12. Qxd4 e5 13. Qf2 exf4 14. Bxf4 Be6 15. Rad1 Rfd8 16. Qg3 Qb6 17. b3 Rac8 18. Rd3 Qa5 19. Qe1 Qc7 20. Qd2 Nd7 21. Rd1 Nf8 22. h3 h6 23. Nd5 Bxd5 24. Rxd5 Qxc2 25. Qxc2 Rxc2 26. Bxd6 Bxd6 27. Rxd6 Rxd6 28. Rxd6 Ne6 29. Rb6 Nc5 30. a5 Rb2 31. b4 Nd3 32. e5 Rxb4 33. Bxb7 Rxb6 34. axb6 a5 35. Bc6 Nc5 36. Kg1 Kf8 37. Kf2 Ke7 38. Ke3 Kd8 39. Kd4 Ne6+ 40. Kd5 Kc8 41. Kd6 Nd8 42. Bd7+ Kb7 43. Ke7 Nc6+ 44. Bxc6+ Kxc6 45. Kxf7 a4 46. e6 a3 47. e7 a2 1-0

[Event "Bexbach op"]
[Site "Bexbach"]
[Date "1996.??.??"]
[Round "?"]
[White "Ristic, Nebojsa M"]
[Black "Bos Swiecik, Iwona"]
[Result "1-0"]
[WhiteElo "2400"]
[BlackElo "2135"]
[PlyCount "51"]
[EventDate "1996.??.??"]
[EventType "swiss"]
[EventRounds "7"]
[EventCountry "GER"]
[SourceTitle "EXT 2002"]
[Source "ChessBase"]
[SourceDate "2001.11.25"]
[SourceVersion "1"]
[SourceVersionDate "2001.11.25"]
[SourceQuality "1"]

1. e4 e6 2. d4 d5 3. e5 c5 4. c3 Nc6 5. Nf3 Bd7 6. a3 c4 7. Nbd2 Qc7 8. g3 f6 9. Qe2 0-0-0 10. b3 fxe5 11. bxc4 exd4 12. cxd4 Nf6 13. Bg2 h6 14. 0-0 g5 15. Bb2 Bg7 16. Ne5 Rde8 17. Rfc1 Kb8 18. Rab1 Ka8 19. Nb3 Bc8 20. Nc5 Nxe5 21. dxe5 Nd7 22. Nxe6 Rxe6 23. cxd5 Rxe5 24. Rxc7 Rxe2 25. Bxg7 Rg8 26. d6 1-0

[Event "Haarlem AKN op 04th"]
[Site "Haarlem"]
[Date "1995.??.??"]
[Round "1"]
[White "Bos Swiecik, Iwona"]
[Black "Witt, Rob"]
[Result "0-1"]
[WhiteElo "2190"]
[BlackElo "2330"]
[PlyCount "124"]
[EventDate "1995.07.??"]
[EventType "swiss"]
[EventRounds "6"]
[EventCountry "NED"]
[SourceTitle "EXT 1998"]
[Source "ChessBase"]
[SourceDate "1997.11.17"]
[SourceVersion "1"]
[SourceVersionDate "1997.11.17"]
[SourceQuality "1"]

1. d4 f5 2. c4 Nf6 3. Nc3 e6 4. e3 Be7 5. Nf3 0-0 6. Be2 d5 7. 0-0 c6 8. b3 Ne4 9. Nxe4 fxe4 10. Ne5 Bd6 11. Bb2 Qg5 12. Qd2 Nd7 13. f4 exf3 14. Nxf3 Qh6 15. Qd3 Nf6 16. Ne5 Bd7 17. Rf3 Bxe5 18. dxe5 Ng4 19. Rxf8+ Rxf8 20. Bxg4 Qh4 21. Bf3 Be8 22. Qd4 Qg5 23. Rf1 b6 24. cxd5 cxd5 25. Ba3 Rf5 26. Bg4 Rxf1+ 27. Kxf1 Qg6 28. Qb4 h5 29. Be2 Kh7 30. Qf4 Qb1+ 31. Kf2 Qxa2 32. Bf8 Kg8 33. Be7 Bb5 34. Qf3 Bxe2 35. Qxe2 Qxb3 36. Qxh5 Qc2+ 37. Kg3 Qc3 38. Qe8+ Kh7 39. Qh5+ Kg8 40. Qg5 b5 41. h4 Kf7 42. h5 d4 43. h6 gxh6 44. Qf6+ Ke8 45. Bd6 Qxe3+ 46. Kh2 Kd7 47. Qe7+ Kc6 48. Qc7+ Kd5 49. Qb7+ Kc4 50. Qc6+ Kd3 51. Qxb5+ Ke4 52. Qb7+ Kd3 53. Qb3+ Ke2 54. Qc2+ Kf1 55. Qd1+ Kf2 56. Qc2+ Qe2 57. Qg6 d3 58. Bc5+ Ke1 59. Qg3+ Kd1 60. Qh4 Qxe5+ 61. Kh1 Qxc5 62. Qg4+ Kc1 0-1

[Event "Leeuwarden op"]
[Site "Leeuwarden"]
[Date "1993.??.??"]
[Round "1"]
[White "Bos Swiecik, Iwona"]
[Black "Bosboom, Manuel"]
[Result "1-0"]
[WhiteElo "2210"]
[BlackElo "2440"]
[PlyCount "121"]
[EventDate "1993.08.??"]
[EventType "swiss"]
[EventRounds "9"]
[EventCountry "NED"]
[SourceTitle "TD"]
[Source "ChessBase"]
[SourceDate "1994.03.01"]
[SourceVersion "1"]
[SourceVersionDate "1994.03.01"]
[SourceQuality "1"]

1. e4 c5 2. Nf3 e6 3. d4 cxd4 4. Nxd4 a6 5. Nc3 Qc7 6. Be2 Nf6 7. 0-0 d6 8. f4 Be7 9. Kh1 0-0 10. Be3 b5 11. Bf3 Bb7 12. e5 dxe5 13. fxe5 Nfd7 14. Bf4 Nc6 15. Nxc6 Bxc6 16. Qe2 Rfc8 17. Rad1 Nf8 18. Bg3 Ng6 19. Ne4 Nxe5 20. Nc3 Bxf3 21. Rxf3 Bf6 22. Re3 b4 23. Nb1 Qxc2 24. Bxe5 Qxe2 25. Rxe2 Bxe5 26. Rxe5 Rc2 27. Ra5 g6 28. b3 Rb2 29. h3 h5 30. Kh2 Kg7 31. Nd2 Rd8 32. Nc4 Rxg2+ 33. Kxg2 Rxd1 34. Rxa6 Rc1 35. Ra7 Rc2+ 36. Kf1 Kf6 37. Nd6 Kg5 38. Nxf7+ Kh4 39. Ne5 g5 40. Nf3+ Kxh3 41. Nxg5+ Kg3 42. Nxe6 h4 43. Rg7+ Kh2 44. Nf4 h3 45. Rh7 Kg3 46. Ne2+ Kg4 47. Rg7+ Kh4 48. Ra7 Kg4 49. Kf2 Rb2 50. Rg7+ Kf5 51. Rh7 Kg4 52. Rg7+ Kf5 53. Rg3 h2 54. Rh3 Rxa2 55. Rxh2 Rb2 56. Rh3 Ke4 57. Re3+ Kd5 58. Rd3+ Kc5 59. Ke3 Rb1 60. Ke4 Re1 61. Re3 1-0

[Event "Wisla BES op"]
[Site "Wisla"]
[Date "1992.??.??"]
[Round "7"]
[White "Bos Swiecik, Iwona"]
[Black "Janocha, Wieslaw Adam"]
[Result "1/2-1/2"]
[WhiteElo "2225"]
[BlackElo "2330"]
[PlyCount "82"]
[EventDate "1992.??.??"]
[EventType "swiss"]
[EventRounds "9"]
[EventCountry "POL"]
[SourceTitle "TD"]
[Source "ChessBase"]
[SourceDate "1994.03.01"]
[SourceVersion "1"]
[SourceVersionDate "1994.03.01"]
[SourceQuality "1"]

1. e4 e5 2. Nf3 Nc6 3. Bb5 a6 4. Ba4 Nf6 5. 0-0 Be7 6. Re1 b5 7. Bb3 d6 8. c3 0-0 9. d3 Na5 10. Bc2 c5 11. Nbd2 Nc6 12. Nf1 d5 13. exd5 Qxd5 14. Qe2 Re8 15. Bg5 h6 16. Bh4 Nh5 17. Bb3 Qd6 18. Nxe5 Nxe5 19. Qxe5 Qxe5 20. Rxe5 g5 21. Rae1 Kf8 22. Bd5 Ra7 23. Bg3 Rd8 24. Bf3 Nxg3 25. Nxg3 Rxd3 26. Be4 Rd8 27. Bf5 Bd6 28. Rd5 Bxf5 29. Rxf5 Bxg3 30. fxg3 Rd2 31. Rf2 Rad7 32. Kf1 Kg7 33. g4 Kg6 34. Rxd2 Rxd2 35. Re2 Rxe2 36. Kxe2 f5 37. gxf5+ Kxf5 38. Kf3 g4+ 39. Ke3 Ke5 40. b4 cxb4 41. cxb4 Kd5 1/2-1/2

[Event "POL-chT 47th"]
[Site "Mikolajki"]
[Date "1991.09.??"]
[Round "5"]
[White "Bos Swiecik, Iwona"]
[Black "Nowik, Urszula"]
[Result "0-1"]
[WhiteElo "2235"]
[BlackElo "2050"]
[PlyCount "73"]
[EventDate "1991.09.20"]
[EventType "team-swiss"]
[EventRounds "9"]
[EventCountry "POL"]
[SourceTitle "EXT 2019"]
[Source "ChessBase"]
[SourceDate "2018.10.10"]
[SourceVersion "1"]
[SourceVersionDate "2018.10.10"]
[SourceQuality "1"]
[WhiteTeam "Gryfow Slaski Hetman"]
[BlackTeam "Lublin Start"]
[WhiteTeamCountry "POL"]
[BlackTeamCountry "POL"]

1. Nf3 d5 2. g3 g6 3. Bg2 Bg7 4. 0-0 Nf6 5. d3 0-0 6. Nbd2 c5 7. e4 Nc6 8. c3 Qc7 9. Re1 d4 10. cxd4 cxd4 11. Nc4 e5 12. Qc2 Nd7 13. Bd2 Nb6 14. Rec1 Nxc4 15. Qxc4 Qe7 16. b4 Re8 17. b5 Be6 18. Qa4 Nd8 19. Rc2 Bd7 20. Bb4 Qf6 21. Rc7 Bc8 22. Rac1 Ne6 23. R7c4 Bd7 24. Qa5 a6 25. b6 Bb5 26. Bd6 Bxc4 27. Bxe5 Qe7 28. Rxc4 Bxe5 29. Qxe5 Rac8 30. Nxd4 Rxc4 31. dxc4 Nxd4 32. Qxd4 Rd8 33. Qa1 Qc5 34. Qb1 Rd2 35. Qe1 Rxa2 36. e5 Qd4 37. Bd5 0-1

[Event "POL-chT 47th"]
[Site "Mikolajki"]
[Date "1991.09.??"]
[Round "9"]
[White "Bos Swiecik, Iwona"]
[Black "Strzalka, Joanna"]
[Result "1/2-1/2"]
[WhiteElo "2235"]
[BlackElo "2105"]
[PlyCount "49"]
[EventDate "1991.09.20"]
[EventType "team-swiss"]
[EventRounds "9"]
[EventCountry "POL"]
[SourceTitle "EXT 2019"]
[Source "ChessBase"]
[SourceDate "2018.10.10"]
[SourceVersion "1"]
[SourceVersionDate "2018.10.10"]
[SourceQuality "1"]
[WhiteTeam "Gryfow Slaski Hetman"]
[BlackTeam "Warszawa Polonia"]
[WhiteTeamCountry "POL"]
[BlackTeamCountry "POL"]

1. e4 e5 2. Nf3 Nc6 3. Bb5 Bc5 4. 0-0 Nd4 5. Nxd4 Bxd4 6. c3 Bb6 7. d4 c6 8. Bc4 d6 9. dxe5 dxe5 10. Qf3 Qe7 11. a4 Nf6 12. a5 Bc7 13. Bg5 h6 14. Be3 Bg4 15. Qg3 h5 16. f3 h4 17. Qf2 Be6 18. Bxe6 Qxe6 19. Bxa7 Nh5 20. Nd2 Nf4 21. Bb6 Rh6 22. Kh1 Rg6 23. Rg1 Bxb6 24. Qxb6 Rd8 25. Qf2 1/2-1/2